library and information science in the 21st century (Record no. 206819)

MARC details
000 -LEADER
fixed length control field 00314nam a2200133Ia 4500
003 - CONTROL NUMBER IDENTIFIER
control field OSt
005 - DATE AND TIME OF LATEST TRANSACTION
control field 20240326112251.0
020 ## - INTERNATIONAL STANDARD BOOK NUMBER
International Standard Book Number 978-1-84334-372-1
040 ## - CATALOGING SOURCE
Transcribing agency LCC
050 ## - LIBRARY OF CONGRESS CALL NUMBER
Classification number Z699.7 L39 2009
100 ## - MAIN ENTRY--PERSONAL NAME
Personal name ibironke o. lawal
245 #0 - TITLE STATEMENT
Title library and information science in the 21st century
942 ## - ADDED ENTRY ELEMENTS (KOHA)
Koha item type Long Loan Book
Source of classification or shelving scheme Dewey Decimal Classification
Holdings
Withdrawn status Lost status Source of classification or shelving scheme Damaged status Not for loan Collection Home library Current library Date acquired Inventory number Total checkouts Full call number Barcode Date last seen Copy number Price effective from Koha item type
    Library of Congress Classification     Reserve Kisii University Library Kisii University Library 09/15/2023 45878   Z 699.7 .L39 2009 001018 09/15/2023 C.1 09/15/2023 Short Loan Book